LIBRARY ONLINE CATALOGUE

Research methods in physical activity / (Record no. 19843)

MARC details
000 -LEADER
fixed length control field 01206cam a2200385 i 4500
001 - CONTROL NUMBER
control field 18237243
003 - CONTROL NUMBER IDENTIFIER
control field OSt
005 - DATE AND TIME OF LATEST TRANSACTION
control field 20230117123548.0
008 - FIXED-LENGTH DATA ELEMENTS--GENERAL INFORMATION
fixed length control field 140718s2015 ilua b 001 0 eng
010 ## - LIBRARY OF CONGRESS CONTROL NUMBER
LC control number 2014028466
020 ## - INTERNATIONAL STANDARD BOOK NUMBER
International Standard Book Number 9781450470445
035 ## - SYSTEM CONTROL NUMBER
System control number (DNLM)101637179
040 ## - CATALOGING SOURCE
Original cataloging agency DNLM/DLC
Transcribing agency DLC
Description conventions rda
Modifying agency DLC
042 ## - AUTHENTICATION CODE
Authentication code pcc
050 00 - LIBRARY OF CONGRESS CALL NUMBER
Classification number GV361
Item number .T47 2015
100 1# - MAIN ENTRY--PERSONAL NAME
Personal name Thomas, Jerry R.,
245 10 - TITLE STATEMENT
Title Research methods in physical activity /
Statement of responsibility, etc. Jerry R. Thomas, Jack K. Nelson, Stephen J. Silverman.
250 ## - EDITION STATEMENT
Edition statement 7th ed.
264 #1 - PRODUCTION, PUBLICATION, DISTRIBUTION, MANUFACTURE, AND COPYRIGHT NOTICE
Place of production, publication, distribution, manufacture Champaign, IL :
Name of producer, publisher, distributor, manufacturer Human Kinetics,
Date of production, publication, distribution, manufacture, or copyright notice 2015
300 ## - PHYSICAL DESCRIPTION
Extent xv, 479 p :
336 ## - CONTENT TYPE
Content type term text
Source rdacontent
337 ## - MEDIA TYPE
Media type term unmediated
Source rdamedia
338 ## - CARRIER TYPE
Carrier type term volume
Source rdacarrier
504 ## - BIBLIOGRAPHY, ETC. NOTE
Bibliography, etc Includes bibliographical references and indexes.
650 12 - SUBJECT ADDED ENTRY--TOPICAL TERM
Topical term or geographic name as entry element Motor Activity.
650 22 - SUBJECT ADDED ENTRY--TOPICAL TERM
Topical term or geographic name as entry element Kinesiology, Applied.
650 22 - SUBJECT ADDED ENTRY--TOPICAL TERM
Topical term or geographic name as entry element Physical Education and Training.
650 22 - SUBJECT ADDED ENTRY--TOPICAL TERM
Topical term or geographic name as entry element Research Design.
650 22 - SUBJECT ADDED ENTRY--TOPICAL TERM
Topical term or geographic name as entry element Sports Medicine
General subdivision methods.
700 1# - ADDED ENTRY--PERSONAL NAME
Personal name Nelson, Jack K.,
Relator term author.
700 1# - ADDED ENTRY--PERSONAL NAME
Personal name Silverman, Stephen J.,
Relator term author.
906 ## - LOCAL DATA ELEMENT F, LDF (RLIN)
a 7
b cbc
c orignew
d 1
e ecip
f 20
g y-gencatlg
942 ## - ADDED ENTRY ELEMENTS (KOHA)
Source of classification or shelving scheme Library of Congress Classification
Koha item type General Collection
Holdings
Withdrawn status Lost status Source of classification or shelving scheme Not for loan Home library Current library Date acquired Total Checkouts Full call number Barcode Date last seen Price effective from Koha item type
    Library of Congress Classification   Kabarak, Main Campus Kabarak, Main Campus 17/01/2023   GV361 .T47 2015 c.1 33092 17/01/2023 17/01/2023 General Collection